书目信息 |
| 书名: | THEATER | |
| 作者: | DAVID GROTE. | |
| 分册号: | ||
| 分册名: | 出版地: | GLENVIEW : |
|
| 出版社: | SCOTT,FORESMAN AND COMPANY | |
| 出版时间: | 1989. | |
| 页数: | 500 p. ; | |
| 开本: | 24cm. | |
| 丛书名: | ||
| 中图分类号: | ||
| 科图分类号: | ||
| 其他分类号: | J804 | |
| 主题词: | ||
| 电子资源: | ||
| 000 | 00496nam 2200181 a 4500 | |
| 001 | E0733633453 | |
| 005 | 20070517092909.87 | |
| 008 | 070517s1989 00010 eng | |
| 020 | @a0-673-27190-0. | |
| 040 | @aPFT@beng | |
| 090 | @aJ804 | |
| 099 | @dJ804@ex46=2 | |
| 100 | @aGROTE,DAVID. | |
| 245 | 1 | @aTHEATER :@bpreparation and performance / @cDAVID GROTE. |
| 250 | @arevised edition. | |
| 260 | @aGLENVIEW :@bSCOTT,FORESMAN AND COMPANY,@c1989. | |
| 300 | @a500 p. ;@c24cm. | |
| 700 | @aGROTE,DAVID. | |
| THEATER : : preparation and performance / / DAVID GROTE.-revised edition.-GLENVIEW : : SCOTT,FORESMAN AND COMPANY, , 1989. |
| 500 p. ; ; 24cm. |
| ISBN 0-673-27190-0. |
| ● |
| 相关链接 |
|
|
|
|
正题名:THEATER
索取号:J804/x46=2
 
预约/预借
| 序号 | 登录号 | 条形码 | 馆藏地/架位号 | 状态 | 备注 |
| 1 | 9267 | 300092673 | 第二样本阅览室/ [索取号:J804/x46=2] | 在馆 |